000 00807nam a2200241 a 4500
001 44788
003 BD-RjUL
005 20211209053922.0
008 160720s1967 bg ||||| |||| 00| 0 bg d
020 _c: TK 10.00
035 _a(BD-RjUL) 44906
040 _aBD-RjUL
_bben
_cBD-RjUL
041 _aben
082 _223
_a297
_bRAJ 1967
100 _aরহমান, বযলুর
_9137295
245 _aজিজ্ঞাসা /
_cবযলুর রহমান
250 _a১ম সং.
260 _aঢাকা :
_bহক্কোননূর দরবার শরীফ,
_c১৯৬৭ [১৩৭৪]
300 _a[২৪], ৩০০ পৃ. :
_bচিত্র ;
_c২১ সেমি.
650 _aইসলাম
_9137296
650 _aIslam
_9137297
942 _2ddc
_cBK
999 _c44788
_d44788